1647 1646 1437 1436 1969 1281 1796 1347 1468 1067 1121 1255 1846 1450 1045 1294 1688 1827 1044 1191 1752 1401 1012 1321 1612 1680 1693 1084 1271 1444 1681 1009 1679 1494 1098 1737 1157 1396 1886 1650 1106 1230 1264 1337 1849 1854 1520 1899 1698 1923 1076 1646 1797 1404 1761 1178 1382 1665 1723 1183 1784 1101 1899 1503 1391 1393 1084 1703 1082 1563 1159 1709 1150 1189 1375 1446 1409 1463 1547 1905 1392 1406 1338 1358 1215 1262 1663 1917 1345 1687 1478 1880 1679 1195 1308 1164 1399 1177 1679 BCNSPRNW ULIB Ver.6.0+V

เปลี่ยนเป็นภาษาไทย

Change to English
 แสดงรายละเอียดบรรณานุกรม
  กลับหน้าหลัก

Brief Record : Get Marc (ISO 2709) : E-mail record : QR code < ปิดหน้าต่าง
LEADER : 00000nam 2200000uu 4500
001    13399111387
003     ULIB
008    110623s2551||||th 000 0 tha d
020    9789744914873
050 04 BQ4190^bช616ค 2551
100 0  พระมหาวีระพันธ์ ชุติปัญโญ
245 10 ความสุขที่หายไป ตามกลับคืนได้หรือยัง? /^cชุติปัญโญ[นามแฝง]
250    พิมพ์ครั้งที่ 7
260    กรุงเทพฯ :^bใยไหม,^c2551
300    [158] หน้า :^bภาพประกอบ
650  7 ธรรมะ
650  7 ความสุข
945    ^p139^l0^i024636
945    ^p139^l0^i024635
995    ทศพร
999 ^a ใช้งานได้ทุกระบบ
รายการนี้ยังไม่มีแท็ก
คุณยังไม่ได้ล็อกอิน คุณสามารถมีกิจกรรมร่วมกับเว็บไซต์ได้ แต่ต้องล็อกอินก่อน ::
  ล็อกอิน

รายการสื่อสารสนเทศ

ลำดับที่ ประเภท เลขเรียก/บาร์โค้ด สถานที่ สถานะ
- ไม่พบข้อมูล -

รายการใกล้เคียง
    ผู้แต่ง [พระมหาวีระพันธ์ ชุติปัญโญ]

    หัวเรื่อง [ธรรมะ]
    หัวเรื่อง [ความสุข]

BibComment


ยังไม่เคยถูกคอมเมนท์

คอมเมนท์ทรัพยากรรายการนี้
  คอมเมนท์: ความสุขที่หายไป ต..


 Copyright 2026. Bcnsprnw @Library